Structural and functional organization of the synapse /

Bibliographic Details
Corporate Author: SpringerLink (Online service)
Other Authors: Ehlers, Michael D., Hell, Johannes W.
Format: eBook
Language:English
Published: New York : Springer, [2008]
Subjects:
Online Access:Connect to the full text of this electronic book

MARC

Tag First Indicator Second Indicator Subfields
LEADER 00000cam a2200000Ia 4500
001 in00002467757
005 20210817090300.0
006 m d
007 cr cn|||||||||
008 081117s2008 nyua sb 001 0 eng d
020 |a 0387772324 
020 |a 9780387772325 
035 |a (OCoLC)272311384 
035 |a (OCoLC)ocn272311384 
037 |a 978-0-387-77231-8  |b Springer  |n http://www.springerlink.com 
040 |a GW5XE  |b eng  |c GW5XE  |d UtOrBLW 
049 |a TEFA 
050 1 4 |a QP364  |b .S77 2008eb 
060 1 4 |a WL 102.8 S927 2008 
082 0 4 |a 612.81  |2 22 
245 0 0 |a Structural and functional organization of the synapse /  |c edited by Johannes W. Hell and Michael D. Ehlers. 
264 1 |a New York :  |b Springer,  |c [2008] 
264 4 |c ©2008 
300 |a xviii, 801 pages :  |b illustrations (some color) ;  |c 25 cm. 
336 |a text  |b txt  |2 rdacontent 
337 |a computer  |b c  |2 rdamedia 
338 |a online resource  |b cr  |2 rdacarrier 
500 |a Electronic resource. 
504 |a Includes bibliographical references and index. 
505 0 |a Diversity in synapse structure and composition / Kristen M. Harris -- The role of glutamate transporters in synaptic transmission / Dwight E. Bergles and Robert H. Edwards -- Structure and function of vertebrate and invertebrate active zones / Craig C. Garner and Kang Shen -- Neurotransmitter release machinery: components of the neuronal SNARE complex and their function / Deniz Atasoy and Ege T. Kavalali -- The molecular machinery for synaptic vesicle endocytosis / Peter S. McPherson, Brigitte Ritter and George J. Augustine -- Initiation and regulation of synaptic transmission by presynaptic calcium channel signaling complexes / Zu-Hang Sheng, Amy Lee and William A. Catterall -- Adhesion molecules at the synapse / Alaa El-Husseini -- Dendritic organelles for postsynaptic trafficking / Cyril Hanus and Michael D. Ehlers -- Structure and mechanism of action of AMPA and kalnate receptors / Mark L. Mayer -- Cellular biology of AMPA receptor trafficking and synaptic plasticity / Jose A. Esteban -- Structure and function of the NMDA receptor / Hongjie Yuan ... [et al.] -- Molecular properties and cell biology of the NMDA receptor / Robert J. Wenthold ... [et al.] -- Surface trafficking of membrane proteins at excitatory and inhibitory synapses / Daniel Choquet and Antoine Triller -- Scaffold proteins in the postsynaptic density / Mary B. Kennedy, Edoardo Marcora and Holly J. Carlisle -- Ca²⁺ signaling in dendritic spines / Bernardo L. Sabatini and Karel Svoboda -- Postsynaptic targeting of protein kinases and phosphatases / Stefan Strack and Johannes W. Hell -- Long-term potentiation / John E. Lisman and Johannes W. Hell -- Homeostatic synaptic plasticity / Gina G. Turrigiano -- Ubiquitin and protein degradation in synapse function / Thomas D. Helton and Michael D. Ehlers -- Signaling from synapse to nucleus / Carrie L. Heusner and Kelsey C. Martin -- Molecular organization of the postsynaptic membrane at inhibitory synapses / I. Lorena Arancibia-Carcamo, Antoine Triller and Josef T. Kittler -- Acid-sensing ion channels (ASICs) and pH in synapse physiology / John A. Wemmie, Xiang-ming Zha and Michael J. Welsh -- Glia as active participants in the development and function of synapses / Cagla Eroglu, Ben A. Barres and Beth Stevens -- Plasticity of dentate granule cell mossy fiber synapses: a putative mechanism of limbic epileptogenesis / James O. McNarnara, Yang Z. Huang and Enhui Pan -- Stroke - a synaptic perspective / Robert Meller and Roger P. Simon -- Neuroplasticity and pathological pain / Michael W. Salter. 
533 |a Electronic reproduction.  |b New York :  |c Springer,  |d 2008.  |n Mode of access: World Wide Web.  |n System requirements: Web browser.  |n Title from title screen (viewed on Nov. 10, 2008).  |n Access may be restricted to users at subscribing institutions. 
650 0 |a Synapses.  |0 http://id.loc.gov/authorities/subjects/sh85131591 
650 2 |a Synapses.  |0 https://id.nlm.nih.gov/mesh/D013569 
650 2 |a Synaptic Transmission.  |0 https://id.nlm.nih.gov/mesh/D009435 
655 7 |a Electronic books.  |2 local 
700 1 |a Ehlers, Michael D.  |0 http://id.loc.gov/authorities/names/no2008128217 
700 1 |a Hell, Johannes W.  |0 http://id.loc.gov/authorities/names/no2008128220 
710 2 |a SpringerLink (Online service)  |0 http://id.loc.gov/authorities/names/no2005046756 
776 1 |c Original  |z 9780387772318  |z 0387772316  |w (OCoLC)191243193 
856 4 0 |u http://proxy.library.tamu.edu/login?url=https://dx.doi.org/10.1007/978-0-387-77232-5  |z Connect to the full text of this electronic book  |t 0 
994 |a C0  |b TEF 
999 |a MARS 
999 f f |s 3f46bfa4-78cb-3dd6-acc5-0189994a6577  |i ab246c31-8225-32ca-af31-d5ba8f607bdd  |t 0 
952 f f |a Texas A&M University  |b College Station  |c Electronic Resources  |d Available Online  |t 0  |e QP364 .S77 2008eb  |h Library of Congress classification 
998 f f |a QP364 .S77 2008eb  |t 0  |l Available Online